000 00495nam a2200193Ia 4500
005 20250326144509.0
008 250326s9999 xx 000 0 und d
037 _aTextbook
040 _aFMSL
_beng
_cFMSL
041 _aeng
_2eng
084 _aX:8 P3
_qFMSL
100 _aStulz R M
245 0 _aRisk management and derivatives
_cStulz R M
260 _aUS
_bUS, Cengage Learning
_c2003
365 _b402
650 _aFice
942 _cTB
_hX:8 P3
999 _c1303924
_d1303924